| 000 | 00583nam a22002177a 4500 | ||
|---|---|---|---|
| 003 | OSt | ||
| 005 | 20260421081153.0 | ||
| 008 | 260421b |||||||| |||| 00| 0 eng d | ||
| 020 | _a0-07-138325-5 | ||
| 040 |
_aDWC-Main lib. _cOC |
||
| 082 | _aCirc. 512 R37e 2003 | ||
| 100 | _aSchmidt, Philip | ||
| 245 |
_aElementary algebra/ _cPhilip Schmidt |
||
| 260 |
_aU.S.A., _cc2003. |
||
| 300 |
_av 138 p. ; _c21 cm. |
||
| 490 | _aSchraums outline series | ||
| 504 | _aInclude index. | ||
| 700 | _aBradford, Brenda | ||
| 700 | _aBarnett, Rich | ||
| 942 |
_2ddc _cBK-CIRC _hCirc. _n0 |
||
| 999 |
_c9602 _d9602 |
||